| 000 | 00897nas a22002891i#4500 | ||
|---|---|---|---|
| 001 | 1480 | ||
| 003 | ES-MaACL | ||
| 005 | 20250217134223.0 | ||
| 007 | t| | ||
| 008 | 950801i18571948fr | | 1 ||re d | ||
| 080 | _a44 | ||
| 245 | 0 | 3 | _aLe monde illustré. |
| 260 |
_aParis : _bImp. de la Libraire Nouvelle, _c1857- ( _fE. Desfosses-Neogravure) |
||
| 300 |
_a42 v. : _bgrab ; _c37 cm. |
||
| 310 | _aSemanal | ||
| 362 | 0 | _aAño I, t. I (1857)-(1948) | |
| 500 | _aA partir de 1946 no figuran los tomos. | ||
| 650 | 1 | 4 |
_aRevistas de información general. _916896 |
| 700 | 1 |
_aPointel, _9194212 |
|
| 700 | 1 |
_aDalloz, Paul, _942499 |
|
| 700 | 1 |
_aHubert, Edouard, _9194213 |
|
| 700 | 1 |
_aDesfosses, Edouard, _9194214 |
|
| 852 |
_aES-MaACL _jZ-51 _dOlim: Hem-64 |
||
| 866 | 0 | _o1860-70, (1871 f.ene-mar.)1872-81, 1883-86, 1888-96, (1946-48). | |
| 942 | _2udc | ||
| 999 |
_c1480 _d1480 |
||